| 000 | 00551nam a2200181Ia 4500 | ||
|---|---|---|---|
| 008 | 220216s9999 xx 000 0 und d | ||
| 100 | _aSiju T | ||
| 245 | 0 | _aChanging dimensions of intercropping in the immature phase of natural rubber cultivation: A case study of pineapple intercropping in central Kerala | |
| 260 |
_bRubber Science _c2012 |
||
| 300 | _a164-172 | ||
| 650 | _aContract farming | ||
| 650 | _aIntercropping | ||
| 650 | _aPineapple | ||
| 650 | _aSocio-economic | ||
| 700 | _aGeorge K T | ||
| 700 | _aLakshmanan R | ||
| 942 | _cJS | ||
| 999 |
_c55347 _d55347 |
||